000
00279nam a22001217a 4500
008
170307b xxu||||| |||| 00| 0 eng d
041
_a
eng
080
_a
661
100
_a
6
101
_a
SHM
245
_a
ATTENTION-DEFICIT HYPERACTIVITY DISORDER
_c
BARKELY, R.A
942
_2
udc
_c
BK
999
_c
7018
_d
7018